Un an de nouveautes janvier-decembre 1993
Αποθηκεύτηκε σε:
| Μορφή: | Βιβλίο |
|---|---|
| Γλώσσα: | French |
| Δημοσίευση: |
Paris :
Editions professionnelles du livre,
c1994
|
| Θέματα: | |
| Ετικέτες: |
Προσθήκη ετικέτας
Δεν υπάρχουν, Καταχωρήστε ετικέτα πρώτοι!
|
MARC
| LEADER | 00000nam a2200000 i 4500 | ||
|---|---|---|---|
| 001 | 1/10696 | ||
| 008 | 000904s1994 fre d | ||
| 020 | |a 2-7330-5095-8 | ||
| 035 | |l 10063531 | ||
| 040 | |a GR-MY-UA |b gre |e aacr | ||
| 041 | 0 | |a fre | |
| 082 | 0 | |a 017.0944 | |
| 245 | 1 | 3 | |a Un an de nouveautes janvier-decembre 1993 |
| 260 | |a Paris : |b Editions professionnelles du livre, |c c1994 | ||
| 300 | |a 579 p.; |c 30 cm | ||
| 651 | 0 | |a France |x Imprints |x Periodicals. | |
| 852 | |a INST |b RHODES |e 20000904 |h 017.0944 AND |p 005400010110 |q 005400010110 |t BK |y 0 | ||
| 909 | |a Ρ |b 035317 | ||
| 922 | |a 4ΕΛΗ |b 199404 | ||
| 970 | |z 2000/09/ΧΡΥΣΑΝΘΗ | ||